China by Picture - Statistics

General Stats
  • This quiz has been taken 62,511 times
    62,492 since last reset
  • The average score is 13 of 18
Answer Stats
Picture Hint Answer % Correct
animal Giant Panda
100%
plant Bamboo
98%
fortification Great Wall of China
98%
mythical creature Dragon
94%
city Shanghai
87%
special administrative region Hong Kong
85%
chairman Mao Zedong
83%
religion Buddhism
80%
mountain Mount {Everest}
75%
president Xi Jinping
75%
square {Tiananmen} Square
72%
sculptures {Terracotta} Army
71%
river Yangtze River
67%
Chinese invention Porcelain
63%
art of writing Calligraphy
52%
Olympic venue Bird's Nest
37%
city Lhasa
35%
city Harbin
25%
No matching quizzes found
Score Distribution
Percent of People with Each Score
Percentile by Number Answered
Your Score History
You have not taken this quiz since the last reset